Colección de piezas literarias selectas latinas y castellanas (Record no. 184382)

MARC details
000 -LEADER
campo de control de longitud fija 00829nam a2200181 i 4500
001 - NÚMERO DE CONTROL
campo de control 184382
003 - IDENTIFICADOR DE NÚMERO DE CONTROL
campo de control ES-MaACL
005 - FECHA Y HORA DE LA ÚLTIMA TRANSACCIÓN
campo de control 20250914132917.0
008 - DATOS DE LONGITUD FIJA--INFORMACIÓN GENERAL
campo de control de longitud fija 150804s1868 sp |||| | spa d
245 00 - MENCIÓN DEL TÍTULO
Título Colección de piezas literarias selectas latinas y castellanas
Resto del título : mandada formar y anotar de Real Orden : para uso de las clases elementales de latín y castellano /
Mención de responsabilidad, etc. [ por el Marqués de Morante y Raimundo Miguel].
260 ## - PUBLICACIÓN, DISTRIBUCIÓN, ETC.
Lugar de publicación, distribución, etc. Madrid :
Nombre del editor, distribuidor, etc. [s.n.],
Fecha de publicación, distribución, etc. 1868 (
Fabricante Imp. de Miguel Ginesta)
300 ## - DESCRIPCIÓN FÍSICA
Extensión 2 v. ;
Dimensiones 22 cm.
594 ## - Nota al título y mención de responsabilidad
Nota al título y mención de responsabilidad Autores tomados del prólogo.
700 1# - ENTRADA AGREGADA--NOMBRE PERSONAL
Nombre de persona Gómez de la Cortina, Joaquín
Títulos y otros términos asociados al nombre , Marqués de Morante (
Fechas asociadas al nombre 1805-1868)
9 (RLIN) 57894
700 1# - ENTRADA AGREGADA--NOMBRE PERSONAL
Nombre de persona Miguel, Raimundo de,
Fechas asociadas al nombre 1816-1878
9 (RLIN) 242261
852 ## - LOCALIZACIÓN
Ubicación ES-MaACL
Número de control de estantería G-13152-53
Nota libre .- Donat. de Micaela Ginesta de Mollinedo
Holdings
Estatus retirado Estado de pérdida Estado de daño No para préstamo Colección Biblioteca de origen Biblioteca actual Ubicación en estantería Fecha de adquisición Fuente de adquisición Total de préstamos Signatura topográfica completa Código de barras Visto por última vez Precio de reemplazo Tipo de ítem Koha
        Libros del s. XIX Biblioteca del Ateneo de Madrid Biblioteca del Ateneo de Madrid Sala Pecera Planta 3 04/08/2015     G-13152-53 1193990 23/02/2023 23/02/2023 Libro impreso antiguo